E-commerce and web design principles / (Record no. 40056)

MARC details
000 -LEADER
fixed length control field 00882nam a22002417a 4500
005 - DATE AND TIME OF LATEST TRANSACTION
control field 20100807135438.0
010 ## - LCCN (DPL NO)
LC control number ENG-98879
020 ## - INTERNATIONAL STANDARD BOOK NUMBER
International Standard Book Number 9788190733847
Terms of availability 80.00
035 ## - SYSTEM CONTROL NUMBER
System control number EN-82411
037 ## - SOURCE OF ACQUISITION
Source of stock number/acquisition DBAD/PUB
082 ## - DEWEY DECIMAL CLASSIFICATION NUMBER
Classification number 658.872
100 ## - MAIN ENTRY--PERSONAL NAME
Personal name Suryakala, M.
245 ## - TITLE STATEMENT
Title E-commerce and web design principles /
Statement of responsibility, etc by M. Suryakala
260 ## - PUBLICATION, DISTRIBUTION, ETC. (IMPRINT)
Place of publication, distribution, etc Chennai
Name of publisher, distributor, etc Sams Publishers
Date of publication, distribution, etc 2008
270 ## - ADDRESS
Address Flat No: 10, Annapoorna Flats, No. 3/4, 17th Street, Nanganallur
City Chennai
Postal code 600061
300 ## - PHYSICAL DESCRIPTION
Extent 107p.:
Other physical details ill.
Dimensions 21cm (pbk)
650 ## - SUBJECT ADDED ENTRY--TOPICAL TERM
Topical term or geographic name as entry element Electronic commerce
650 ## - SUBJECT ADDED ENTRY--TOPICAL TERM
Topical term or geographic name as entry element Internet advertising
650 ## - SUBJECT ADDED ENTRY--TOPICAL TERM
Topical term or geographic name as entry element Websites-design
650 ## - SUBJECT ADDED ENTRY--TOPICAL TERM
Topical term or geographic name as entry element Internet marketing
942 ## - ADDED ENTRY ELEMENTS (KOHA)
Source of classification or shelving scheme Dewey Decimal Classification
Item type English Books
Classification part 658.872
Call number suffix SUR
Holdings
Withdrawn status Lost status Not for loan Collection code Home library Current library Date acquired Source of acquisition Cost, normal purchase price Full call number Barcode Copy number Cost, replacement price Koha item type
    Not For Loan Non-fiction D.B.Act.Division D.B.Act.Division 07/08/2010 DBAD/PUB 80.00 658.872 SUR EN-82411 1 80.00 English Books

© Delhi Public Library
Hit Counter
free hit counter